000 01023cam a22002174a 4500
005 20250605164019.0
008 250528s ||||||||||||||||||||||||d
035 _a16254
020 _a340364351
040 _aGR-AtMCL
_bgre
_dGR-AtMCL
_eAACR2
245 1 _aProgressive Engineering Materials
250 _a1st
260 _bHodder & Stoughton,
_c1988
300 _a248
520 _aAn up-to-date and wide ranging book covering the latest BTEC units on engineering materials at levels II and III. Preface, Introduction, States of Matter, Atomic Structure of Metals, Binary Thermal Equilibrium Diagrams, Coring and Precipitation Process, Iron-Carbon Alloys, Heat Treatment Equipment and Procedures, Cast Irons, Light Alloys, Copper and Zinc Alloys, Molecular Structures of Polymers, Common Polymetric Materials, Testing of Materials, Corrosion, Factors Affecting Materials Selection, Index.
700 1 _aBaddley D. F.
_92338
700 1 _aCannon J. A
_92339
942 _cBK
999 _c1772
_d1772